| 000 | 00834 a2200169 4500 | ||
|---|---|---|---|
| 003 | Nust | ||
| 005 | 20221219130554.0 | ||
| 028 | _b100 | ||
| 040 | _cNust | ||
| 082 | _a100, EDM | ||
| 100 |
_aIrwin edman _9105208 |
||
| 245 |
_aPhilosophers Holiday _cIrwin Edman |
||
| 260 |
_aCanada _bMacmillan _c1956 |
||
| 300 | _ax,269p.; | ||
| 505 | _aM. Platon (Page-11), Coteries of the Mind (Page-21), The Sailor and the Life of the Spirit (Page-41), An Irishman Among the Brahmins (Page-54), Love Observed in Luxembourg (Page-64), For the Love of Music (Page-75), Soliloquy in Agrigento (Page-89), Encounter with a Nazi (Page-107), Former Students (Page-114), Former Teachers (Page-125), Little Older New York (Page-160), Syrian Sophomores (Page-172), Sane Englishmen (Page-193), The Bomb and the Ivory Tower (Page-249). | ||
| 942 |
_2ddc _cBK |
||
| 999 |
_c193707 _d193707 |
||